00757cam a22002057a 4500003000500000005001700005008004100022010001000063011001000073035001000083040000900093100002600102245012800128260008300256300001900339490005500358650004500413650003800458830005500496CHAP20220817041659.0971013s1983 r 00010 d a21421 a22393 a26488 cCHAP00aD'Silva H., Emmanuel.14aThe effetiveness of rural works programs in laborsurplus economies; the case of the Maharashtra employment quarantee scheme aIthaca, N.Y. :bNew York State College of Agriculture and life Sciences,c1983 a47 p.b: ilus. 0aCornell international agriculture mimeographv; 9714aAgriculturaxAspectos economicosxIndia.14aAgriculturaxTrabajadoresxIndia.0 aCornell international agriculture mimeographv; 97